Desde dónde nos hablan los estudios socioculturales en Cuba = From where do the social studies in Cuba, speak us? /

Se presenta un acercamiento al protagonismo del sistema de educación cubano, con la apertura de una nueva carrera en el campo de las Ciencias Sociales. El artículo se desarrolla desde el espacio de la recreación del discurso culturológico, en el cual se trabaja su surgimiento en Cuba y sus retos, re...

Szczegółowa specyfikacja

Zapisane w:
Opis bibliograficzny
1. autor: Gómez González, Susell
Format: Texto
Hasła przedmiotowe:
Etykiety: Dodaj etykietę
Nie ma etykietki, Dołącz pierwszą etykiete!

MARC

LEADER 00000 a a2200000 04500
001 44409
003
040
100 |a Gómez González, Susell  
245 |a Desde dónde nos hablan los estudios socioculturales en Cuba =   |b From where do the social studies in Cuba, speak us? /  |c Susell Gómez González  
500 |a sgomezg@udg.co.cu  
520 |a Se presenta un acercamiento al protagonismo del sistema de educación cubano, con la apertura de una nueva carrera en el campo de las Ciencias Sociales. El artículo se desarrolla desde el espacio de la recreación del discurso culturológico, en el cual se trabaja su surgimiento en Cuba y sus retos, recreando algunas cuestiones en las cuales narran encuentros y desencuentros de esta nueva carrera y disciplina en la formación de su profesional.  
590 |a KSR/ABRIL2013  
650 |a CULTURA  
650 |a SOCIEDAD  
650 |a EDUCACION  
650 |a CIENCIAS SOCIALES  
650 |a CUBA  
773 |g número133 (2011), páginas 141-152  
999 |c 24998  |d 24998 
773 0 |0 18728  |9 3015  |a Universidad de Costa Rica  |d San José, Costa Rica Editorial UCR 1956-  |o 15155  |t Revista de Ciencias Sociales/  |x 04825276